000 00604nam a2200205Ia 4500
003 GCL
008 140319s9999 xx 000 0 ara d
040 _aGCL /
_cGCL
082 0 4 _a398.9
_bم ا
100 1 _aاحسان عباس
245 1 0 _aامثال العرب /
_cاحسان عباس
700 1 _aالضبى , المفضل بن محمد
260 _a[S.N] :
_bدار الرائد العربى ،
_c1981
300 _a226 ص
490 _a
650 0 4 _aالادب العربى
650 0 4 _aالامثال العربية
650 0 4 _aالاهاجى والفكاهات
942 _2ddc
_cBK
999 _c35198
_d35198